LEADER 01063nam1 22003133i 450 001 CAG0036690 005 20170908093239.0 100 $a20150107g1928 ||||0itac50 ba 101 | $aita$cita 102 $ait 181 1$6z01$ai $bxxxe 182 1$6z01$an 200 1 $a˜La œBibbia delle famiglie$ebreviario della Bibbia tradotta dalla volgata per le famiglie e per le scuole$f[da] Eusebio Tintori 210 $aAlba$cSocietà San Paolo 215 $av.$d23 cm. 463 1$1001CAG0036694$12001 $a˜2: œNuovo Testamento$v2 463 1$1001TO01265468$12001 $a˜1: œAntico Testamento$v1 500 11$aBibbia$3CFI0921859$955323 606 $aBIBBIA$xInsegnamento$2FIR$3NAPC097352$9I 676 $a220.7$9BIBBIA-COMMENTI$v21 702 1$aTintori$b, Eusebio$3RAVV053793 801 3$aIT$bIT-NA0079$c20150107 850 $aIT-NA0074 912 $aCAG0036690 950 1$aBiblioteca Provinciale Laurenziana$bv. 2$cv. 2$d 91SS 9C 00213 967 $m2 977 $a 63$a 91 996 $aBibbia$955323 997 $aUNISANNIO LEADER 01442nam--2200433---450- 001 990001709300203316 005 20050525103217.0 035 $a000170930 035 $aUSA01000170930 035 $a(ALEPH)000170930USA01 035 $a000170930 100 $a20040528d1973----km-y0itay0103----ba 101 0 $aita 102 $aIT 105 $a||||||||001yy 200 1 $aLavoro operaio e salute mentale$fArthur Kornhauser con la collaborazione di Otto M. Reid$gprefazione all'edizione italiana di Renato Rozzi$g[traduzione di M. Marini] 210 $aMilano$cF. Angeli$d1973 215 $a473 p.$d22 cm 225 2 $aCollana di sociologia industriale 312 $aMental health of the industrial worker 410 0$12001$aCollana di sociologia industriale 454 1$12001$aMental health of the industrial worker$926770 461 1$1001-------$12001 606 0 $aOperai$xIgiene mentale 606 0 $aSociologia industriale 676 $a614.58 700 1$aKORNHAUSER,$bArthur$0111209 702 1$aREID,$bOtto M. 702 1 $aROZZI,$bRenato 702 1 $aMARINI,$bMaria 801 0$aIT$bsalbc$gISBD 912 $a990001709300203316 951 $aII.5.2042(VI soc G coll 1/7)$b72815 L.M.$cVI soc G coll 959 $aBK 969 $aUMA 979 $aSIAV4$b10$c20040528$lUSA01$h1314 979 $aCOPAT7$b90$c20050525$lUSA01$h1032 996 $aMental health of the industrial worker$926770 997 $aUNISA